书目信息 |
| 题名: |
国内外最新常用传感器和敏感元器件性能数据手册
|
|
| 作者: | 赵负图 主编 | |
| 分册: | ||
| 出版信息: | 沈阳 辽宁科学技术出版社 1994.11 |
|
| 页数: | 979页 | |
| 开本: | 16开 | |
| 丛书名: | ||
| 单 册: | ||
| 中图分类: | TP212-62 | |
| 科图分类: | ||
| 主题词: | 自动化元件 , 自动化器件 | |
| 电子资源: | ||
| ISBN: | 7-5381-2047-5 | |
| 000 | 00681nam0 2200205 45 | |
| 001 | 0007260851 | |
| 005 | 20000726085423.4 | |
| 010 | @a7-5381-2047-5@d70.00元 | |
| 100 | @a20000726d1994 km y0chiy0120 ea | |
| 101 | 0 | @achi |
| 105 | @a z 000yy | |
| 200 | 1 | @a国内外最新常用传感器和敏感元器件性能数据手册@AGuo Nei Wai Zui Xin Chang Yong Chuan Gan Qi He Min Gan Yuan Qi Jian Xing Neng Shu Ju Shou Ce@f赵负图主编@FZhao Fu Tu Zhu Bian |
| 210 | @a沈阳@c辽宁科学技术出版社@d1994.11 | |
| 215 | @a979页@d16开 | |
| 606 | 0 | @a自动化元件 |
| 606 | 0 | @a自动化器件 |
| 690 | @aTP212-62@v3 | |
| 701 | 0 | @a赵负图@4主编 |
| 801 | @aCN@bPftUser@c20000726 | |
| 905 | @b78645-646@dTP212-62@eZH834@f2 | |
| 国内外最新常用传感器和敏感元器件性能数据手册/赵负图主编.-沈阳:辽宁科学技术出版社,1994.11 |
| 979页;16开 |
| ISBN 7-5381-2047-5:70.00元 |
| ● |
| 相关链接 |
|
|
|
正题名:国内外最新常用传感器和敏感元器件性能数据
索取号:TP212-62/ZH834
 
预约/预借
| 序号 | 登录号 | 条形码 | 馆藏地/架位号 | 状态 | 备注 |
| 1 | 78645 | 200786453 | 期刊室512/301自科库 36排3列3层/ [索取号:TP212-62/ZH834] | 在馆 | |
| 2 | 78646 | 200786462 | 期刊室512/301自科库 36排3列3层/ [索取号:TP212-62/ZH834] | 在馆 |